Endecja wobec rządów pomajowych na Pomorzu w latach 1926-1939
| Titel: | Endecja wobec rządów pomajowych na Pomorzu w latach 1926-1939 |
|---|---|
| Verfasser: | |
| In: |
Zapiski historyczne, Band 74, Heft 3 (2009), Seite 127-139 alle Artikel anzeigen |
| Veröffentlicht: | 2009 |
| Format: | Aufsatz |
| Sprache: | Polnisch |
X
alg: 39499135
001A $01999:12-11-16
001B $01999:04-08-21 $t21:01:26.000
001D $01999:12-11-16
001U $0utf8
001X $00
002@ $0Aox
003@ $0394991354
007A $0394991354 $aHEB
007T $0Herdc0062754m
010@ $apol
011@ $a2009
021A $aEndecja wobec rządów pomajowych na Pomorzu w latach 1926-1939
028A $aOlstowski $dPrzemysław
031A $d74 $e3 $h127-139 $j2009
039B $aIn $8--Abvc--. Zapiski historyczne. - Toruń {[u.a.] : TNT, 1956-. - ISSN 0044-1791 $x200900000740003873 $904810552X
039T $8--Aau--Osiński, Krzysztof$Z1974- [Tp3]. Walka o Wielka̜ Polske̜. - [Toruń] : Wydawn. Nauk. Grado, 2008. - 563 S.. - Ill., graph. Darst.. - ISBN 978-83-61201-28-1 $9215681827
045F $a900.9438 $eDDC23BSB
045F/01 $a900
045F/03 $g438
045F/03 $g4382
045F/03 $g43832
lok: 39499135 78
exp: 39499135 78 1 #EPN
201B/01 $018-11-16 $t13:22:00.000
201U/01 $0utf8
203@/01 $0791289966
208@/01 $a12-11-16 $be
209A/01 $a/ $f000 $x00
220C/01 $aTitelaufnehmer: gk;mf
220C/01 $aHerkunft: HI Marburg
244Z/01 $2Trx $#Prusy Wschodnie i Zachodnie $8--Trx--Ost- und Westpreußen $x01 $939113373X
244Z/01 $2Trx $#Poola $#Lenkija $#Polija $#Polen Land $#Poland $#Lengyelország $#Poľsko $#Polsko $8--Trx--Polska$gkraj $x02 $9391345966
244Z/01 $2Trx $#arvustused $#recenzijos $#Reviews $#recenziók $#recenzje $#recenzie $#recenze $8--Trx--Rezensionen $x03 $9391357441
247C/01 $82080>Marburg/Lahn, Herder-Institut, Forschungsbibliothek, Bibliographieportal $9336309341
| LEADER | 00000caa a22000002c 4500 | ||
|---|---|---|---|
| 001 | 394991354 | ||
| 003 | DE-603 | ||
| 005 | 20210804210126.0 | ||
| 007 | tu | ||
| 008 | 161112s2009 xx |||| | u00||u|pol c | ||
| 035 | |a (DE-599)HEB394991354 | ||
| 040 | |a DE-603 |b ger |c DE-603 |d DE-603 | ||
| 041 | |a pol | ||
| 082 | 0 | 4 | |8 1\u |a 900.9438 |q DE-101 |2 23/BSB |
| 085 | |8 1\u |b 900 | ||
| 085 | |8 1\u |z 2 |s 438 | ||
| 085 | |8 1\u |z 2 |s 4382 | ||
| 085 | |8 1\u |z 2 |s 43832 | ||
| 100 | 1 | |a Olstowski, Przemysław | |
| 245 | 0 | 0 | |a Endecja wobec rządów pomajowych na Pomorzu w latach 1926-1939 |
| 264 | 0 | |c 2009 | |
| 773 | 0 | 8 | |i In |t Zapiski historyczne |d Toruń [u.a.] : TNT, 1956- |x 0044-1791 |g Band 74, Heft 3 (2009), Seite 127-139 |w (DE-603)04810552X |w (DE-600)860296-7 |
| 787 | 0 | 8 | |i Rezension von |a Osiński, Krzysztof, 1974- |t Walka o Wielka̜ Polske̜ |d [Toruń] : Wydawn. Nauk. Grado, 2008 |h 563 S., Ill., graph. Darst. |z 9788361201281 |w (DE-603)215681827 |
| 924 | 0 | |9 2080 |a (DE-603)791289966 |b DE-2080 |c HES |d d |g / | |


